<?xml version="1.0" encoding="UTF-8"?>
<record
    xmlns:xsi="http://www.w3.org/2001/XMLSchema-instance"
    xsi:schemaLocation="http://www.loc.gov/MARC21/slim http://www.loc.gov/standards/marcxml/schema/MARC21slim.xsd"
    xmlns="http://www.loc.gov/MARC21/slim">

  <leader>03116nam a22003377a 4500</leader>
  <controlfield tag="003">OSt</controlfield>
  <controlfield tag="005">20260514100248.0</controlfield>
  <controlfield tag="008">260514b        |||||||| |||| 00| 0 aze d</controlfield>
  <datafield tag="040" ind1=" " ind2=" ">
    <subfield code="a">AZ-XaKU</subfield>
    <subfield code="b">aze</subfield>
    <subfield code="c">AZ-XaKU</subfield>
  </datafield>
  <datafield tag="041" ind1=" " ind2=" ">
    <subfield code="a">aze</subfield>
  </datafield>
  <datafield tag="050" ind1="1" ind2="4">
    <subfield code="a">TK7819 .H8811 2010 v.1 </subfield>
  </datafield>
  <datafield tag="100" ind1="1" ind2=" ">
    <subfield code="a">H&#xFC;mb&#x259;tov, R.T,</subfield>
    <subfield code="e">m&#xFC;&#x259;llif.</subfield>
  </datafield>
  <datafield tag="245" ind1="1" ind2=" ">
    <subfield code="a">Elektronika 1-ci hiss&#x259;</subfield>
    <subfield code="b">: (Elektron cihazlar)</subfield>
    <subfield code="c">/ R.T.H&#xFC;mb&#x259;tov ; r&#x259;y ver&#x259;nl&#x259;r M.B.Namazov, &#x130;.M.&#x130;smay&#x131;lov ; redaktor A.M.&#x18F;liyev</subfield>
  </datafield>
  <datafield tag="250" ind1=" " ind2=" ">
    <subfield code="a">1-ci hiss&#x259;</subfield>
  </datafield>
  <datafield tag="264" ind1=" " ind2=" ">
    <subfield code="a">Bak&#x131;:</subfield>
    <subfield code="b">&lt;&lt;Marif&gt;&gt;,</subfield>
    <subfield code="c">2010.</subfield>
  </datafield>
  <datafield tag="300" ind1=" " ind2=" ">
    <subfield code="a">284 s&#x259;hif&#x259; ;</subfield>
    <subfield code="b">&#x15F;&#x259;killi,</subfield>
    <subfield code="c">20 sm.</subfield>
  </datafield>
  <datafield tag="336" ind1=" " ind2=" ">
    <subfield code="a">text</subfield>
    <subfield code="b">txt</subfield>
    <subfield code="2">rdacontent</subfield>
  </datafield>
  <datafield tag="337" ind1=" " ind2=" ">
    <subfield code="a">unmediated</subfield>
    <subfield code="b">n</subfield>
    <subfield code="2">rdamedia</subfield>
  </datafield>
  <datafield tag="338" ind1=" " ind2=" ">
    <subfield code="a">volume </subfield>
    <subfield code="b">nc</subfield>
    <subfield code="2">rdacarrier</subfield>
  </datafield>
  <datafield tag="504" ind1=" " ind2=" ">
    <subfield code="a">&#x18F;d&#x259;biyyat: s.280-282</subfield>
  </datafield>
  <datafield tag="505" ind1="0" ind2=" ">
    <subfield code="a">Giri&#x15F; -- 1. Elektrik siqnallar&#x131; v&#x259; onlar&#x131;n elektrik d&#xF6;vr&#x259;l&#x259;rind&#x259;n ke&#xE7;m&#x259;si -- 2. Elektron cihazlar&#x131;n&#x131;n i&#x15F;inin fiziki &#x259;saslar&#x131; -- 3. Yar&#x131;mke&#xE7;iricil&#x259;r elektronikas&#x131;n&#x131;n &#x259;saslar&#x131; -- 4. Yar&#x131;mke&#xE7;irici parametrik elementl&#x259;r -- 5. Yar&#x131;mke&#xE7;irici diodlar -- 6. Bipolyar tranzistorlar -- 7. Unipolyar tranzistorlar -- 8. Tiristorlar -- 9. Yar&#x131;mke&#xE7;irici fotoelektron cihazlar -- 10. Mikroelektronika -- 11. Vakuumlu v&#x259; plazmal&#x131; elektron cihazlar&#x131;.</subfield>
  </datafield>
  <datafield tag="520" ind1=" " ind2=" ">
    <subfield code="a">D&#x259;rs v&#x259;saitind&#x259; elektrik siqnallar&#x131;n&#x131;n t&#x259;snifat&#x131;, onlar&#x131;n &#x259;sas x&#xFC;susiyy&#x259;tl&#x259;ri v&#x259; xarakteristikalar&#x131;, m&#xFC;xt&#x259;lif t&#x259;yinatl&#x131; elektrik d&#xF6;vr&#x259;l&#x259;rind&#x259; &#xE7;evrilm&#x259;si v&#x259; &#xF6;t&#xFC;r&#xFC;lm&#x259;si prosesl&#x259;ri ara&#x15F;d&#x131;r&#x131;l&#x131;r. B&#x259;rk cisiml&#x259;rd&#x259;, qazlarda v&#x259; vakuumda elektrik c&#x259;r&#x259;yan&#x131;n&#x131;n axmas&#x131; x&#xFC;susiyy&#x259;tl&#x259;ri q&#x131;saca &#x15F;&#x259;rh edilir. Yar&#x131;mke&#xE7;irici materiallar&#x131;n x&#xFC;susiyy&#x259;tl&#x259;ri, onlar&#x131;n &#xFC;z&#x259;rind&#x259; qurulmu&#x15F; m&#xFC;xt&#x259;lif t&#x259;yinatl&#x131; cihazlar: rezistorlar, diodlar, tranzistorlar, tiristorlar, optik elektron cihazlar&#x131;n&#x131;n i&#x15F; prinsipl&#x259;ri, d&#xF6;vr&#x259;y&#x259; qo&#x15F;ulma sxeml&#x259;ri, xarakterik x&#xFC;susiyy&#x259;tl&#x259;ri, xarakteristikalar&#x131;, parametrl&#x259;ri v&#x259; t&#x259;tbiq sah&#x259;l&#x259;ri haqq&#x131;nda geni&#x15F; m&#x259;lumat verilir. Eyni zamanda d&#x259;rs v&#x259;saitind&#x259; inteqral mikrosxeml&#x259;rin t&#x259;snifat&#x131;, yar&#x131;mke&#xE7;irici inteqral mikrosxeml&#x259;rd&#x259; aktiv v&#x259; passiv elementl&#x259;rin haz&#x131;rlanmas&#x131; texnologiyas&#x131;n&#x131;n m&#x259;rh&#x259;l&#x259;l&#x259;ri izah edilir, hibrid inteqral mikrosxeml&#x259;rd&#x259; passiv elementl&#x259;rin haz&#x131;rlanma &#xFC;sullar&#x131; ara&#x15F;d&#x131;r&#x131;l&#x131;r. Elektrovakuumlu v&#x259; qazbo&#x15F;almal&#x131; (ion) cihazlar&#x131;n &#x259;sas n&#xF6;vl&#x259;rinin qurulu&#x15F;lar&#x131;, i&#x15F; prinsipl&#x259;ri, d&#xF6;vr&#x259;y&#x259; qo&#x15F;ulma sxeml&#x259;ri, xarakteristikalar&#x131;, parametrl&#x259;ri v&#x259; t&#x259;tbiq sah&#x259;l&#x259;ri haqq&#x131;nda m&#x259;lumat verilir.</subfield>
  </datafield>
  <datafield tag="521" ind1=" " ind2=" ">
    <subfield code="a">V&#x259;sait ali texniki m&#x259;kt&#x259;bl&#x259;rin v&#x259; texnikumlar&#x131;n elektronika, avtomatla&#x15F;d&#x131;rma, telekommunikasiya, radiotexnika, cihazqay&#x131;rma v&#x259; elektroenergetika y&#xF6;n&#xFC;ml&#xFC; ixtisaslar&#x131; &#xFC;zr&#x259; t&#x259;hsil alan t&#x259;l&#x259;b&#x259;l&#x259;ri &#xFC;&#xE7;&#xFC;n n&#x259;z&#x259;rd&#x259; tutulmu&#x15F;dur. V&#x259;saitd&#x259;n h&#x259;m d&#x259; idar&#x259;etm&#x259; v&#x259; elektronika sah&#x259;sind&#x259; &#xE7;al&#x131;&#x15F;an m&#xFC;t&#x259;x&#x259;ssisl&#x259;r d&#x259; faydalana bil&#x259;rl&#x259;r.</subfield>
  </datafield>
  <datafield tag="650" ind1=" " ind2="7">
    <subfield code="a">M&#xFC;h&#x259;ndislik</subfield>
    <subfield code="2">AZ-XaKU</subfield>
  </datafield>
  <datafield tag="655" ind1=" " ind2=" ">
    <subfield code="2">AZ-XaKU</subfield>
    <subfield code="a">D&#x259;rslik</subfield>
  </datafield>
  <datafield tag="700" ind1="1" ind2=" ">
    <subfield code="a">Namazov, M.B,</subfield>
    <subfield code="e">dosent,</subfield>
    <subfield code="q">r&#x259;y&#xE7;i.</subfield>
  </datafield>
  <datafield tag="700" ind1="1" ind2=" ">
    <subfield code="a">&#x130;smay&#x131;l, &#x130;.M,</subfield>
    <subfield code="e">dosent,</subfield>
    <subfield code="q">r&#x259;y&#xE7;i.</subfield>
  </datafield>
  <datafield tag="700" ind1="1" ind2=" ">
    <subfield code="a">&#x18F;liyev, A.M,</subfield>
    <subfield code="e">dosent,</subfield>
    <subfield code="q">redaktor.</subfield>
  </datafield>
  <datafield tag="942" ind1=" " ind2=" ">
    <subfield code="c">BOOK</subfield>
  </datafield>
  <datafield tag="999" ind1=" " ind2=" ">
    <subfield code="c">472</subfield>
    <subfield code="d">472</subfield>
  </datafield>
  <datafield tag="952" ind1=" " ind2=" ">
    <subfield code="0">0</subfield>
    <subfield code="1">0</subfield>
    <subfield code="2">lcc</subfield>
    <subfield code="4">0</subfield>
    <subfield code="7">0</subfield>
    <subfield code="8">GC</subfield>
    <subfield code="a">KU</subfield>
    <subfield code="b">KU</subfield>
    <subfield code="d">2026-05-14</subfield>
    <subfield code="l">0</subfield>
    <subfield code="o">TK7819 .H8811 2010 v.1 </subfield>
    <subfield code="p">0000000345</subfield>
    <subfield code="r">2026-05-14 09:41:35</subfield>
    <subfield code="t">1</subfield>
    <subfield code="w">2026-05-14</subfield>
    <subfield code="y">BOOK</subfield>
  </datafield>
  <datafield tag="952" ind1=" " ind2=" ">
    <subfield code="0">0</subfield>
    <subfield code="1">0</subfield>
    <subfield code="2">lcc</subfield>
    <subfield code="4">0</subfield>
    <subfield code="7">0</subfield>
    <subfield code="8">GC</subfield>
    <subfield code="a">KU</subfield>
    <subfield code="b">KU</subfield>
    <subfield code="d">2026-05-14</subfield>
    <subfield code="l">0</subfield>
    <subfield code="o">TK7819 .H8811 2010 v.1 c.2</subfield>
    <subfield code="p">0000000346</subfield>
    <subfield code="r">2026-05-14 09:42:22</subfield>
    <subfield code="t">2</subfield>
    <subfield code="w">2026-05-14</subfield>
    <subfield code="y">BOOK</subfield>
  </datafield>
  <datafield tag="952" ind1=" " ind2=" ">
    <subfield code="0">0</subfield>
    <subfield code="1">0</subfield>
    <subfield code="2">lcc</subfield>
    <subfield code="4">0</subfield>
    <subfield code="7">0</subfield>
    <subfield code="8">GC</subfield>
    <subfield code="a">KU</subfield>
    <subfield code="b">KU</subfield>
    <subfield code="d">2026-05-14</subfield>
    <subfield code="l">0</subfield>
    <subfield code="o">TK7819 .H8811 2010 v.1 c.3</subfield>
    <subfield code="p">0000000347</subfield>
    <subfield code="r">2026-05-14 09:42:57</subfield>
    <subfield code="t">3</subfield>
    <subfield code="w">2026-05-14</subfield>
    <subfield code="y">BOOK</subfield>
  </datafield>
</record>
